Dying We Live (Record no. 5879)

MARC details
000 -LEADER
fixed length control field 00635nam a2200241 a 4500
020 ## - INTERNATIONAL STANDARD BOOK NUMBER
ISBN
082 00 - DEWEY DECIMAL CLASSIFICATION NUMBER
Classification number 261.72
Author Cutter GOL
100 ## - MAIN ENTRY--AUTHOR NAME
Author name Gollwitzer, Hellmut
245 ## - TITLE STATEMENT
Title Dying We Live
Sub title Final Messages and Records of Some Germans Who Defied Hitler
260 ## - PUBLICATION, DISTRIBUTION, ETC. (IMPRINT)
Place of publication London
Name of publisher Collin Clear Type Press
Year of publication 1960
300 ## - PHYSICAL DESCRIPTION
Number of Pages 252p
500 ## - GENERAL NOTE
General note includes index and biblioraphy
505 2# - FORMATTED CONTENTS NOTE
Formatted contents note Index
650 ## - SUBJECT ADDED ENTRY--TOPICAL TERM
Topical Term Freedom of Religion
650 ## - SUBJECT ADDED ENTRY--TOPICAL TERM
Topical Term Biography-Nazi
942 ## - ADDED ENTRY ELEMENTS (KOHA)
Koha item type Books
Holdings
Collection code Home library Current library Date acquired Cost, normal purchase price Full call number Accession Number Koha item type
  Henry Martyn Institute Library Henry Martyn Institute Library 07/10/2007 100.00 261.72 GOL 05501 Books
                   Copyright © 2026 | Henry Martyn Institute | Hyderabad | TS-500052 | INDIA | Implemented by hmi.edu.in
Hit-Count:

Powered by Koha